000 00342nam a22001577a 4500
003 SGT
020 _a9789356963825
082 _a617.7
_bE25B
100 _aBASAK, SAMAR K.
245 _aESSENTIALS OF OPHTHALMOLOGY
250 _a8TH
260 _aINDIA
_bJAYPEE PUB
_c2025
300 _a612
650 _aOPHTHALMOLOGY
942 _2ddc
_cBK
999 _c33571
_d33571